00425nam a22001337a 4500003000400000008004100004082001800045100001900063245012100082260003200203300000900235502001500244650003200259OSt260429b |||||||| |||| 00| 0 eng d a635.642bK98R aKumar, Shambhu aResponse of Hybrid Tomato (lycopersicum esculentum Mill.) To Plant Geometry and Training on Growth Yield and Quality aPusa, SamastipurbRAUc2001 a47P. bMsc.d2001 aVegetables and Floriculture